000 00852cab a2200253 4500
001 ABS52046
008 090401t1995 xxu||||| |||| 00| 0 eng d
035 _a(Sirsi) u56484
041 _aeng
100 _aCargill Thompson, J.
245 _aWatching the detectors
260 _c1995
350 _a0
490 _aBuilding
_v260(7877) 27 January 1995, 50-51(2)
520 _aDescribes a new electronic monitoring system to detect changes in moisture levels and given an early warning of a leak via a phone line or on a computer screen.
650 _aBUILDING MONITORING SYSTEMS
650 _aENVIRONMENTAL MONITORING SYSTEMS
650 _aLEAKAGES
650 _aMOISTURE LEVELS
690 _aBUILT ENVIRONMENT-BUILDING PATHOLOGY
690 _aMANAGEMENT-BUSINESS MANAGEMENT-INFORMATION MANAGEMENT
942 _n0
948 _c04/03/1997
999 _c34449
_d34449